00685nam a2200157 a 450000500170000000800410001702000180005805000180007624500620009426000490015630000220020550000860022752001720031365000210048565000210050620140412111319.0000823s19uu xx 00 eng d a0-06-443087-1 aERbCh36 1986 aChanticleer and the fox /cillustrated by Barbara Cooney. aNew York :bHarperCollins Publishers,c1986. a1v. (unp.) ; ill. aAdapted from Geoffrey Chaucer's Canterbury Tales. Winner of the Caldecott Medal. aA rooster named Chanticleer, his voice was merrier than the merry organ that plays in church, and his crowing from his resting place was more trustworthy than a clock. aRooster--Fiction aChildren stories